Odpowiedzi kończące się na O - Statystyki

Ogólne statystyki
  • Ten quiz został rozwiązany 177 razy
  • Średni wynik to 10 z 15
Statystyki odpowiedzi
Pytanie Odpowiedź % Poprawnych
Pora roku Lato
100%
Używa się go do sterowania kajakiem Wiosło
94%
"Gdzie jest..." Nemo
91%
Przeciwieństwo zimna Gorąco
89%
Mieszka tam Shrek Bagno
84%
Państwo które odłączyło się od Serbii w 2008 roku Kosowo
81%
Mieszkają tam Eskimosi Igloo
79%
Sąsiad Francji Monako
70%
Zabawka w postaci ciężarka-szpulki zawieszonej na sznurku. Jojo
69%
Środek transportu Auto
66%
Czarnogóra po angielsku Montenegro
65%
Największe miasto w Kanadzie Toronto
58%
Gra karciana z kartami blokady lub +4 UNO
50%
Rodzaj roślin jednorocznych Żyto
5%
Postać fikcyjna z filmu "The Curse of Capistrano" Zorro
0%
Nie znaleziono quizów pasujących do podanych kryteriów
Rozkład punktacji
Procent ludzi z każdym wynikiem
Percentyl według liczby udzielonych odpowiedzi
Twoja historia wyników
Nie rozwiązałeś tego quizu